El principio de la separación de poderes inserto en la Constitución nacional y el artículo 109 / (Registro nro. 6129)
[ vista simple ]
| 000 -LEADER | |
|---|---|
| fixed length control field | 01081nabaa22002057a 4500 |
| 003 - CONTROL NUMBER IDENTIFIER | |
| control field | OSt |
| 005 - DATE AND TIME OF LATEST TRANSACTION | |
| control field | 20260122220354.0 |
| 008 - FIXED-LENGTH DATA ELEMENTS--GENERAL INFORMATION | |
| fixed length control field | 190701b xxu||||| |||| 00| 0 spa d |
| 040 ## - CATALOGING SOURCE | |
| Transcribing agency | PJ |
| 100 ## - MAIN ENTRY--PERSONAL NAME | |
| 9 (RLIN) | 6891 |
| Personal name | Azzarri, Juan Cruz |
| 245 13 - TITLE STATEMENT | |
| Title | El principio de la separación de poderes inserto en la Constitución nacional y el artículo 109 / |
| Statement of responsibility, etc | Juan Cruz Azzarri. |
| 300 ## - PHYSICAL DESCRIPTION | |
| Extent | p. 88-98 |
| 505 ## - FORMATTED CONTENTS NOTE | |
| Formatted contents note | Sumario: I. Introducción.— II. ¿Cuál es el contenido de la teoría de la división de poderes?— III. ¿Cuál es la normativa constitucional argentina que recepta este principio?— IV. ¿Cuáles fueron los antecedentes y causas de la recepción de este principio en nuestra Constitución nacional?. |
| 505 ## - FORMATTED CONTENTS NOTE | |
| Title | ¿Te interesa el texto completo? Comunicate al correo: koha@justierradelfuego.gov.ar |
| 650 #0 - SUBJECT ADDED ENTRY--TOPICAL TERM | |
| 9 (RLIN) | 211 |
| Topical term or geographic name as entry element | DERECHO ADMINISTRATIVO |
| 650 #0 - SUBJECT ADDED ENTRY--TOPICAL TERM | |
| 9 (RLIN) | 766 |
| Topical term or geographic name as entry element | CONSTITUCION NACIONAL |
| 650 #0 - SUBJECT ADDED ENTRY--TOPICAL TERM | |
| 9 (RLIN) | 927 |
| Topical term or geographic name as entry element | DIVISION DE PODERES |
| 773 0# - HOST ITEM ENTRY | |
| Host Biblionumber | 2842 |
| Host Itemnumber | 3251 |
| Place, publisher, and date of publication | Buenos Aires : AbeledoPerrot, 2012- |
| Other item identifier | DA121 |
| Title | Derecho administrativo. Nº 148 julio/agosto 2023 |
| International Standard Book Number | 18510590 |
| 942 ## - ADDED ENTRY ELEMENTS (KOHA) | |
| Source of classification or shelving scheme | |
| Koha item type | Analítica Artículo de Revista |
No hay ítems disponibles.
